Quarterback prospects of the 2025 NFL Draft - Statistics

General Stats
  • This quiz has been taken 72 times
    37 since last reset
  • The average score is 10 of 16
Answer Stats
Position College Name % Correct
QB Miami (FL) Cam Ward
100%
QB Colorado Shedeur Sanders
100%
QB Ole Miss Jaxson Dart
97%
QB Oregon Dillon Gabriel
90%
QB Alabama Jalen Milroe
86%
QB Texas Quinn Ewers
83%
QB Ohio St. Will Howard
72%
QB Notre Dame Riley Leonard
59%
QB Indiana Kurtis Rourke
55%
QB Syracuse Kyle McCord
55%
QB Louisville Tyler Shough
55%
QB Missouri Brady Cook
38%
QB Minnesota Max Brosmer
31%
QB Montana St. Tommy Mellott
21%
QB Houston Donovan Smith
14%
QB Wilfrid Laurier Taylor Elgersma
14%
No matching quizzes found
Score Distribution
Percent of People with Each Score
Percentile by Number Answered
Your Score History
You have not taken this quiz since the last reset